Arte contemporaneo (Record no. 515)
[ view plain ]
| 000 -LEADER | |
|---|---|
| campo de control de longitud fija | 00900nam a22001457a 4500 |
| 008 - DATOS DE LONGITUD FIJA--INFORMACIÓN GENERAL | |
| campo de control de longitud fija | 150410b xxu||||| |||| 00| 0 eng d |
| 082 ## - NÚMERO DE LA CLASIFICACIÓN DECIMAL DEWEY | |
| Número de clasificación | 759.06 |
| Número de ítem | W 143p v.3 |
| 100 ## - ENTRADA PRINCIPAL--NOMBRE DE PERSONA | |
| Nombre de persona | Veronesi, Giulia |
| 9 (RLIN) | 2394 |
| 245 ## - MENCIÓN DEL TÍTULO | |
| Título | Arte contemporaneo |
| Resto del título | El Abstractismo Parte III |
| Mención de responsabilidad, etc. | Veronesi, Giulia (autor), Pinto Renato (editor) |
| 260 ## - PUBLICACIÓN, DISTRIBUCIÓN, ETC. | |
| Lugar de publicación, distribución, etc. | Buenos Aires Argentina |
| Nombre del editor, distribuidor, etc. | Viscontea |
| Fecha de publicación, distribución, etc. | 1977 |
| 300 ## - DESCRIPCIÓN FÍSICA | |
| Extensión | 335 p. |
| Otras características físicas | ill. (col) |
| Dimensiones | 30.5 cm |
| 505 ## - NOTA DE CONTENIDO CON FORMATO | |
| Título | Bauhaus y el arte abstracto en Alemania. |
| Mención de responsabilidad | Giulia Veronesi |
| Título | El arte abstracto en Europa Central. Los artistas figurativos de la Bauhaus |
| Mención de responsabilidad | Giulia Veronesi |
| Título | Dossier cientifico |
| -- | Antologia critica de Stijl y Piet Mondrian (Parte II) |
| -- | Los fines del programa de la Bauhaus |
| -- | Los principios que sustentaron los distintos cursos de la Bauhaus |
| -- | Los origenes del filme abstracto |
| 650 ## - PUNTO DE ACCESO ADICIONAL DE MATERIA--TÉRMINO DE MATERIA | |
| Subdivisión general | Surrealismo |
| -- | Arte moderno |
| -- | Siglo 20 |
| 9 (RLIN) | 2395 |
| 700 ## - ENTRADA AGREGADA--NOMBRE PERSONAL | |
| Nombre de persona | Giulia Veronesi (autor), Renato Pinto (editor) |
| 9 (RLIN) | 2396 |
| Estatus retirado | Estado de pérdida | Fuente del sistema de clasificación o colocación | Estado de daño | No para préstamo | Biblioteca de origen | Biblioteca actual | Ubicación en estantería | Fecha de adquisición | Total de préstamos | Signatura topográfica completa | Código de barras | Visto por última vez | Precio de reemplazo | Tipo de ítem Koha |
|---|---|---|---|---|---|---|---|---|---|---|---|---|---|---|
| Clasificación Decimal Dewey | Biblioteca LadoV | Biblioteca LadoV | 10/04/2015 | 759.06 W 143p v. 3 | 000534 | 10/04/2015 | 10/04/2015 | Material 01 |
